Rozvoj organizace řízení hutního průmyslu Informace o první etapě řešení dílčího úkolu SPEV 903 123 204.02. SPEV 903 123 204.02

Na minha lista:
Detalhes bibliográficos
Autor principal: Šafář, Josef
Formato: Livro
Idioma:tcheco
Publicado em: Praha Technicko-ekonomický výzkumný ústav hnutnického průmyslu 1988
Edição:1. vyd.
Colecção:Ekonomika hutního průmyslu Sv.203
Tags: Adicionar Tag
Sem tags, seja o primeiro a adicionar uma tag!

MARC

LEADER 00000nam a2200000 4500
001 c035083
005 20221219085651.4
041 0 |a cze 
044 |a CZ 
245 1 0 |a Rozvoj organizace řízení hutního průmyslu  |b Informace o první etapě řešení dílčího úkolu SPEV 903 123 204.02. SPEV 903 123 204.02  |c Josef Šafář 
250 |a 1. vyd. 
264 1 |a Praha  |b Technicko-ekonomický výzkumný ústav hnutnického průmyslu  |c 1988 
300 |a 27 s. 
490 1 |a Ekonomika hutního průmyslu  |v Sv.203 
830 0 |a Ekonomika hutního průmyslu  |v Sv.203 
100 1 |a Šafář, Josef